000 00312nam a2200121Ia 4500
008 190216s9999||||xx |||||||||||||| ||und||
100 _aRavi M Kishore
245 0 _aCost Management: Management Accounting With Problems & Solutions
260 _bTaxmann Pub
300 _a2.458
650 _aCommerce
942 _cBK
999 _c5938
_d5938